Services Operations Management/ (Record no. 203598)

MARC details
000 -LEADER
fixed length control field 00779nam a22002297a 4500
005 - DATE AND TIME OF LATEST TRANSACTION
control field 20240614114849.0
010 ## - LCCN (DPL NO)
LC control number ENG-140608
020 ## - INTERNATIONAL STANDARD BOOK NUMBER
Terms of availability 789.00
International Standard Book Number 9789356067400
035 ## - SYSTEM CONTROL NUMBER
System control number EN-124140
037 ## - SOURCE OF ACQUISITION
Source of stock number/acquisition DBAD
082 ## - DEWEY DECIMAL CLASSIFICATION NUMBER
Classification number 658
Edition number 5
100 ## - MAIN ENTRY--PERSONAL NAME
Personal name Johnston, Robert
245 ## - TITLE STATEMENT
Title Services Operations Management/
Statement of responsibility, etc By Robert Johnston...[et.al]
250 ## - EDITION STATEMENT
Edition statement 5
260 ## - PUBLICATION, DISTRIBUTION, ETC. (IMPRINT)
Place of publication, distribution, etc Noida
Name of publisher, distributor, etc Pearson India Education Pvt Ltd
Date of publication, distribution, etc 2024
270 ## - ADDRESS
Address 1st Floor, Berger Tower, Plot No. C-001/2, Sector 16B
City Noida
Postal code 201301
Electronic mail address companysecretary.india@pearson.com
300 ## - PHYSICAL DESCRIPTION
Extent xxii,606p.
Dimensions 25cm(pbk)
Other physical details Index
700 ## - ADDED ENTRY--PERSONAL NAME
Personal name Shulver, Michael
Relator term Author
9 (RLIN) 67489
700 ## - ADDED ENTRY--PERSONAL NAME
Personal name Slack, Nigel
Relator term Author
9 (RLIN) 67490
700 ## - ADDED ENTRY--PERSONAL NAME
Personal name Clark, Graham
Relator term Author
9 (RLIN) 67491
942 ## - ADDED ENTRY ELEMENTS (KOHA)
Source of classification or shelving scheme Dewey Decimal Classification
Item type English Books
Classification part 658
Call number suffix JOH
Edition 5
Holdings
Withdrawn status Lost status Not for loan Collection code Home library Current library Date acquired Source of acquisition Cost, normal purchase price Full call number Barcode Copy number Cost, replacement price Koha item type
      Non-fiction Central Library Central Library 14/06/2024 DBAD 789.00 658 JOH EN-124140 1 789.00 English Books

© Delhi Public Library
Hit Counter
free hit counter